| 000 | 01162cam a2200361Ia 4500 | ||
|---|---|---|---|
| 001 | 60252 | ||
| 005 | 20230410132812.0 | ||
| 008 | 020521s2001 pn ab b 000 0 spa d | ||
| 010 | _a 2003449198 | ||
| 035 | _a(OCoLC)ocm49834973 | ||
| 040 |
_aMOA _cMOA _dYAM _dDLC _dIXA |
||
| 020 | _a9962614015 | ||
| 020 | _a9789962614012 | ||
| 029 | 1 |
_aAU@ _b000024705923 |
|
| 035 | _a(OCoLC)49834973 | ||
| 043 | _ancpn--- | ||
| 050 | 1 | 4 |
_aQH108.P3 _bH447p 2001 |
| 082 | 0 | 0 |
_a508.7297 _221 |
| 049 | _aGRAL | ||
| 100 | 1 | _aHeckadon Moreno, Stanley. | |
| 245 | 1 | 0 |
_aPanamá : _bpuente biológico; las Charlas Smithsonian del Mes, 1996-1999 / _cStanley Heckadon-Moreno. |
| 246 | 3 | 0 | _aCharlas Smithsonian del Mes, 1996-1999 |
| 260 |
_aBalboa, Panamâa : _bInstituto Smithsonian de Investigaciones Tropicales, _c2001. |
||
| 300 |
_axx, 233 p. : _bcol. ill., col. maps ; _c26 cm. |
||
| 504 | _aIncludes bibliographical references. | ||
| 650 | 0 |
_aNatural history _zPanama. |
|
| 650 | 0 |
_aBiodiversity _zPanama. |
|
| 650 | 0 |
_aZoology _zPanama. |
|
| 710 | 2 | _aSmithsonian Tropical Research Institute. | |
| 942 |
_2lcc _cbk |
||
| 994 |
_aC0 _bDRFGD |
||
| 946 | _aLspaulino | ||
| 999 |
_c87996 _d87996 |
||